| 000 | 00930nam a2200229 a 4500 | ||
|---|---|---|---|
| 001 | 26255 | ||
| 003 | BD-RjUL | ||
| 005 | 20211209051005.0 | ||
| 008 | 190324s1996 bg a b 00110 ben | ||
| 020 | _c: Tk. 100.00 | ||
| 035 | _a(BD-RjUL)26325 | ||
| 040 |
_aBD-RjUL _bben/eng _cBD-RjUL _dBD-RjUL |
||
| 041 | _aben | ||
| 082 |
_a929.20954924 _bALA 1996 _223 |
||
| 100 | 1 |
_aআলী, এ. কে. এম. ইয়াকুব _9229572 |
|
| 245 | 1 | 0 |
_aএকটি বংশ : _bইতিহাস ও ঐতিহ্য / _cএ. কে. এম. ইয়াকুব আলী |
| 260 |
_aবগুড়া : _bশাইখ ব্রাদার্স, _c১৯৯৬ |
||
| 300 |
_a[৮], ৮৮ পৃ.: _bচিত্র; _c২২ সেমি. |
||
| 650 |
_aপরিবার _xইতিহাস _zবাংলাদেশ _zবগুড়া _9229573 |
||
| 650 |
_aFamily _xhistory _zBangladesh _zBogra _9229574 |
||
| 942 |
_2ddc _cBK |
||
| 999 |
_c26255 _d26255 |
||